000 00430nam a2200145Ia 4500
008 100122s9999 xx 000 0 und d
082 _b48090
_a823
100 _aराजे नयना
245 _aआत्मसन्मान
260 _bनवचैतन्य प्रकाशन
_c1992
300 _a139
630 _aआत्मसन्मान
730 _aआत्मसन्मान
942 _cBOOK
999 _c426811
_d426808